LEADER 00761nam2 22002291i 450 001 990007803840403321 035 $a000780384 035 $aFED01000780384 035 $a(Aleph)000780384FED01 035 $a000780384 100 $a20030801d--------km-y0itay50------ba 200 1 $a<>problems of jurisdiction and arbitration posed by the coxistence of the Hague Rules and the Hamburg Rules pp.531-540 463 0$1001000766025 610 0 $a 701 1$aLa China,$bSergio$0228255 801 0$aIT$bUNINA$gRICA$2UNIMARC 901 $aBK 912 $a990007803840403321 959 $aDDCP 996 $aProblems of jurisdiction and arbitration posed by the coxistence of the Hague Rules and the Hamburg Rules pp.531-540$9661753 997 $aUNINA DB $aGEN01 LEADER 00996nam0-22003251i-450 001 990001696820403321 005 20190529131339.0 035 $a000169682 035 $aFED01000169682 035 $a(Aleph)000169682FED01 035 $a000169682 100 $a20030910d1932----km-y0itay50------ba 101 0 $aita 102 $aIT 200 1 $aNote sperimentali e critiche sul silaggio dei tipi Cremasco ed Americano$fGiacomo Rossi 210 $aSpoleto$c...$d1932 215 $ap. 174-232$d26 cm 300 $aEstr. da: Annali R. Istituto Superiore Agrario di Portici, ser. 3,5,1931. 610 0 $aForaggi 610 0 $aBatteriologia agraria 610 0 $aInsilamento 676 $a630.289 9 700 1$aRossi,$bGiacomo$0333743 801 0$aIT$bUNINA$gRICA$2UNIMARC 901 $aLG 912 $a990001696820403321 952 $a60 OP. 8/25$b31981$fFAGBC 959 $aFAGBC 996 $aNote sperimentali e critiche sul silaggio dei tipi Cremasco ed Americano$9360945 997 $aUNINA